000 00602nam a2200193Ia 4500
001 14996
003 GE_BSU
008 181216s||||||||xx |||||||||||||| ||und||
040 _cGE_BSU
080 _a517.2(075.8)+517.3(075.8)
100 _aБугров, Я.С. Никольский, С.М.
245 _aДифференциальное и интегральное исчисление
260 _aМосква
260 _bНаука
260 _c1980
300 _a432стр.20см.
653 _aДифференциальное и интегральное исчисление
942 _cBK
999 _c48115
_d48115